[Event "Titled Tuesday intern op 26th Sep Early"]
[Site "Chess.com INT"]
[Date "2023.09.26"]
[Round "6"]
[White "Nawin, JJ."]
[Black "Deveci, Huseyin Said"]
[Result "1/2-1/2"]
[WhiteElo "2305"]
[BlackElo "1948"]
[PlyCount "98"]
[EventDate "2023.09.26"]
[EventType "swiss (blitz)"]
[EventRounds "11"]
[EventCountry "USA"]
[SourceTitle "EXT 2024"]
[Source "ChessBase"]
[SourceDate "2023.10.10"]
[SourceVersion "1"]
[SourceVersionDate "2023.10.10"]
[SourceQuality "1"]

1. e4 e5 2. Nf3 Nc6 3. Bb5 a6 4. Ba4 Nf6 5. 0-0 Be7 6. Re1 b5 7. Bb3 0-0 8. a4 Rb8 9. c3 d6 10. h3 Be6 11. Bc2 d5 12. exd5 Bxd5 13. Nxe5 Nxe5 14. Rxe5 Bd6 15. Re1 Qd7 16. d4 Qc6 17. f3 Rfe8 18. Rf1 Nh5 19. axb5 axb5 20. Nd2 Ng3 21. Rf2 Re7 22. Nf1 Rbe8 23. Bg5 f6 24. Bh4 Ne2+ 25. Kh1 g5 26. Bd3 Bc4 27. Be4 Rxe4 28. fxe4 Qxe4 29. Nd2 Qxh4 30. Nxc4 Qxf2 31. Nxd6 cxd6 32. Qb3+ Kh8 33. Qf7 Ng3+ 34. Kh2 Rg8 35. Re1 Nf1+ 36. Kh1 Ng3+ 37. Kh2 Nh5 38. Re7 Qf4+ 39. Kg1 Qc1+ 40. Kh2 Qf4+ 41. Kg1 Ng7 42. Rb7 Qc1+ 43. Kh2 Qxb2 44. Qxf6 Qxc3 45. Rxg7 Rxg7 46. Qf8+ Rg8 47. Qf6+ Rg7 48. Qd8+ Rg8 49. Qf6+ Rg7 1/2-1/2

[Event "Sitges Sunway op 9th"]
[Site "Sitges"]
[Date "2022.12.20"]
[Round "8"]
[White "Nawin, JJ."]
[Black "Wadsworth, Matthew J"]
[Result "1/2-1/2"]
[WhiteElo "2351"]
[BlackElo "2470"]
[PlyCount "93"]
[EventDate "2022.12.12"]
[EventType "swiss"]
[EventRounds "10"]
[EventCountry "ESP"]
[SourceTitle "CBM 211 Extra"]
[Source "ChessBase"]
[SourceDate "2023.01.31"]
[SourceVersion "1"]
[SourceVersionDate "2023.01.31"]
[SourceQuality "1"]

1. e4 e6 2. d4 d5 3. Nc3 Nf6 4. Bg5 dxe4 5. Nxe4 Be7 6. Bxf6 gxf6 7. Nf3 f5 8. Nc3 a6 9. Qd2 b5 10. 0-0-0 Bb7 11. d5 b4 12. Bc4 Qd6 13. Na4 e5 14. Rhe1 Nd7 15. Qe3 e4 16. Nd4 Qg6 17. Kb1 Ne5 18. Bb3 Bd6 19. f3 0-0 20. h3 exf3 21. gxf3 f4 22. Qd2 Kh8 23. Rg1 Qf6 24. c4 bxc3 25. Nxc3 Bc8 26. Bc2 Bd7 27. Ne4 Qh4 28. Qc3 Rg8 29. Nc5 Rxg1 30. Rxg1 Qf2 31. Rd1 Bxc5 32. Qxc5 Nxf3 33. Qxc7 Nxd4 34. Qe5+ Kg8 35. Rxd4 Re8 36. Qg5+ Kh8 37. Qf6+ Kg8 38. b3 Rc8 39. Qg5+ Kh8 40. Qe5+ Kg8 41. Rc4 Rxc4 42. bxc4 Qg1+ 43. Kb2 f3 44. Qb8+ Kg7 45. Qe5+ Kg8 46. Qb8+ Kg7 47. Qe5+ 1/2-1/2

[Event "Sitges Sunway op 9th"]
[Site "Sitges"]
[Date "2022.12.12"]
[Round "1"]
[White "Gayon, Benoit"]
[Black "Nawin, JJ."]
[Result "0-1"]
[WhiteElo "1941"]
[BlackElo "2351"]
[PlyCount "96"]
[EventDate "2022.12.12"]
[EventType "swiss"]
[EventRounds "10"]
[EventCountry "ESP"]
[SourceTitle "CBM 211 Extra"]
[Source "ChessBase"]
[SourceDate "2023.01.31"]
[SourceVersion "1"]
[SourceVersionDate "2023.01.31"]
[SourceQuality "1"]

1. e4 c5 2. Nf3 a6 3. d4 cxd4 4. Nxd4 Nf6 5. Nc3 e5 6. Nf3 d6 7. Be2 h6 8. 0-0 Be6 9. Re1 Be7 10. h3 Nbd7 11. Bf1 Rc8 12. Bd2 0-0 13. Rc1 Qc7 14. Nd5 Nxd5 15. exd5 Bxd5 16. c4 Be6 17. b3 Nf6 18. Bc3 Bf5 19. g4 Be4 20. Nd2 Bg6 21. Bg2 Qd7 22. Ne4 Nxe4 23. Bxe4 Bxe4 24. Rxe4 Qc6 25. Qe1 f5 26. gxf5 Rxf5 27. Rg4 Rcf8 28. Bd2 h5 29. Rg2 Bh4 30. Be3 Rf3 31. Rc2 R8f6 32. Qa5 Rxh3 33. Qd5+ Kh7 34. Qd3+ g6 35. Qd5 Qxd5 36. cxd5 Rf7 37. Rc8 Rhf3 38. Rh2 Bf6 39. Kg2 Rf5 40. Rh1 Bg5 41. Bb6 e4 42. Re1 Bh4 43. Re2 Rxd5 44. Rxe4 Bxf2 45. Bxf2 Rd2 46. Ree8 Rdxf2+ 47. Kg3 R7f3+ 48. Kh4 Rh2+ 0-1

[Event "Benidorm op-A"]
[Site "Benidorm"]
[Date "2022.12.05"]
[Round "3"]
[White "Nawin, JJ."]
[Black "Palomo Teruel, Xavier"]
[Result "1/2-1/2"]
[WhiteElo "2351"]
[BlackElo "2038"]
[PlyCount "70"]
[EventDate "2022.12.03"]
[EventType "swiss"]
[EventRounds "9"]
[EventCountry "ESP"]
[SourceTitle "CBM 211 Extra"]
[Source "ChessBase"]
[SourceDate "2023.01.31"]
[SourceVersion "1"]
[SourceVersionDate "2023.01.31"]
[SourceQuality "1"]

1. e4 e5 2. Nf3 Nc6 3. Bb5 Nf6 4. Nc3 Nd4 5. 0-0 Nxb5 6. Nxb5 c6 7. Nc3 d6 8. h3 Be7 9. d4 Qc7 10. a4 a5 11. Be3 0-0 12. Qc1 Re8 13. Nd2 Nd7 14. f4 exd4 15. Bxd4 Bf6 16. Bxf6 Nxf6 17. Kh2 Qe7 18. Qe1 b6 19. Qf2 Nd7 20. Rad1 Ba6 21. Rfe1 Nc5 22. Nf3 Rad8 23. Nd4 Qc7 24. Qg3 Bc8 25. Rd2 Re7 26. f5 f6 27. Nf3 Ba6 28. Nd4 Bc8 29. Qf4 Rde8 30. Nf3 Rd8 31. Red1 Nb7 32. Qg3 Rde8 33. Rd4 Kf8 34. Rc4 Qd7 35. Qf2 Nc5 1/2-1/2

[Event "Krakow op-A 32nd"]
[Site "Krakow"]
[Date "2022.01.02"]
[Round "7"]
[White "Nawin, JJ."]
[Black "Braeuning, Rudolf Wilhelm"]
[Result "1-0"]
[WhiteElo "2109"]
[BlackElo "2242"]
[PlyCount "87"]
[EventDate "2021.12.27"]
[EventType "swiss"]
[EventRounds "9"]
[EventCountry "POL"]
[SourceTitle "EXT 2023"]
[Source "ChessBase"]
[SourceDate "2022.10.05"]
[SourceVersion "1"]
[SourceVersionDate "2022.10.05"]
[SourceQuality "1"]

1. e4 c5 2. Nf3 g6 3. d4 cxd4 4. Nxd4 Nc6 5. c4 Nf6 6. Nc3 d6 7. Be2 Nxd4 8. Qxd4 Bg7 9. Bg5 0-0 10. Qd2 Be6 11. 0-0 Qa5 12. Rad1 Rfc8 13. b3 a6 14. Bxf6 Bxf6 15. Nd5 Qxd2 16. Nxf6+ Kg7 17. Nh5+ gxh5 18. Rxd2 Rc5 19. f4 f6 20. Bf3 Ra7 21. Re1 b5 22. e5 dxe5 23. fxe5 f5 24. Bd5 Bf7 25. e6 Bg6 26. b4 Rcc7 27. c5 a5 28. a3 Kf6 29. Red1 h6 30. Bb3 Bh7 31. Rd8 axb4 32. axb4 Kg7 33. R1d7 Kf6 34. Rf8+ Kg6 35. Rxc7 Rxc7 36. Rb8 Ra7 37. Rxb5 Ra1+ 38. Kf2 Rc1 39. Bd5 Kf6 40. c6 Bg8 41. Rc5 Rxc5 42. bxc5 Bxe6 43. Bxe6 Kxe6 44. h4 1-0

[Event "Krakow op-A 32nd"]
[Site "Krakow"]
[Date "2021.12.31"]
[Round "5"]
[White "Nawin, JJ."]
[Black "Gombocz, Ferenc Jr"]
[Result "1/2-1/2"]
[WhiteElo "2109"]
[BlackElo "2236"]
[PlyCount "109"]
[EventDate "2021.12.27"]
[EventType "swiss"]
[EventRounds "9"]
[EventCountry "POL"]
[SourceTitle "EXT 2023"]
[Source "ChessBase"]
[SourceDate "2022.10.05"]
[SourceVersion "1"]
[SourceVersionDate "2022.10.05"]
[SourceQuality "1"]

1. e4 e5 2. Nf3 Nc6 3. Bb5 g6 4. c3 a6 5. Ba4 d6 6. d4 Bd7 7. 0-0 Bg7 8. dxe5 Nxe5 9. Nxe5 dxe5 10. Bxd7+ Qxd7 11. Qxd7+ Kxd7 12. Be3 f5 13. f3 Nf6 14. Nd2 Ke6 15. Rfe1 f4 16. Bf2 Rhd8 17. Nb3 b6 18. a4 a5 19. Red1 g5 20. Kf1 Ne8 21. Ke2 Nd6 22. Nd2 Bf8 23. c4 Nb7 24. Nb3 Bc5 25. Nxc5+ Nxc5 26. Bxc5 bxc5 27. Rxd8 Rxd8 28. Rd1 Rb8 29. Rd5 Rxb2+ 30. Kf1 Rb4 31. Rxc5 Rxa4 32. Rxc7 Kd6 33. Rc8 Ra1+ 34. Kf2 Ra2+ 35. Kf1 a4 36. c5+ Kd7 37. Ra8 Kc6 38. Ra5 Ra1+ 39. Kf2 a3 40. g4 fxg3+ 41. hxg3 h5 42. Kg2 Ra2+ 43. Kh3 Kb7 44. c6+ Kxc6 45. Rxe5 Kb6 46. Re8 Rc2 47. Rb8+ Ka5 48. Ra8+ Kb4 49. e5 Rc5 50. e6 Re5 51. Rb8+ Kc3 52. Ra8 Kb2 53. Rb8+ Kc2 54. Ra8 Kb2 55. Rb8+ 1/2-1/2

[Event "Krakow op-A 32nd"]
[Site "Krakow"]
[Date "2021.12.30"]
[Round "4"]
[White "Czernek, Tymon"]
[Black "Nawin, JJ."]
[Result "1/2-1/2"]
[WhiteElo "2224"]
[BlackElo "2109"]
[PlyCount "273"]
[EventDate "2021.12.27"]
[EventType "swiss"]
[EventRounds "9"]
[EventCountry "POL"]
[SourceTitle "EXT 2023"]
[Source "ChessBase"]
[SourceDate "2022.10.05"]
[SourceVersion "1"]
[SourceVersionDate "2022.10.05"]
[SourceQuality "1"]

1. e4 c5 2. Nf3 d6 3. d4 cxd4 4. Nxd4 Nf6 5. Nc3 a6 6. Bc4 e6 7. 0-0 Be7 8. Bb3 0-0 9. f4 Nc6 10. Be3 Bd7 11. Kh1 Qc7 12. f5 Nxd4 13. Qxd4 b5 14. fxe6 fxe6 15. Rad1 Kh8 16. h3 Qb7 17. e5 dxe5 18. Qxe5 Bc6 19. Rf2 b4 20. Ne2 Nd5 21. Qxe6 Nxe3 22. Qxe3 Bh4 23. Rxf8+ Rxf8 24. Nf4 Re8 25. Qc5 Bg3 26. Bd5 Bxd5 27. Nxd5 Qd7 28. Rf1 Bd6 29. Qc4 Qe6 30. Qd4 Qe2 31. Rc1 a5 32. Nf4 Qe7 33. Nd3 Rf8 34. Re1 Qc7 35. c4 bxc3 36. bxc3 Bg3 37. Rc1 Rd8 38. Qe3 Qd6 39. Rd1 h5 40. c4 h4 41. c5 Qd5 42. Qe7 Rb8 43. Qe2 Rd8 44. Nf2 Qg5 45. Ne4 Rxd1+ 46. Qxd1 Qf4 47. Nxg3 hxg3 48. c6 Qc4 49. Qe1 Qxc6 50. Qxg3 Qc4 51. Qb8+ Kh7 52. Qb1+ Kh8 53. Qb3 Qf1+ 54. Kh2 Qf4+ 55. Qg3 Qc4 56. Qb8+ Kh7 57. Qb3 Qf4+ 58. Kg1 Qd4+ 59. Kf1 Qf4+ 60. Ke2 Qe4+ 61. Kf2 Qd4+ 62. Kf3 Qf6+ 63. Ke2 Qe5+ 64. Qe3 Qb2+ 65. Qd2 Qe5+ 66. Kd3 Qb5+ 67. Kc3 g6 68. Qd6 Qa4 69. Qd5 Qb4+ 70. Kd3 Qb1+ 71. Kd4 Qb4+ 72. Ke5 Qe7+ 73. Kf4 Qc7+ 74. Kg4 Qc8+ 75. Kg5 Qc1+ 76. Kf6 Qc3+ 77. Ke7 Qb4+ 78. Ke8 Kh6 79. Kd7 a4 80. Ke6 Qb6+ 81. Kd7 Qb4 82. g4 Qf4 83. Ke6 Qe3+ 84. Qe5 Qb6+ 85. Kf7 Qb7+ 86. Qe7 Qd5+ 87. Qe6 Qb7+ 88. Kf8 Qb8+ 89. Ke7 Qc7+ 90. Ke8 Qb8+ 91. Kf7 Qb7+ 92. Qe7 Qd5+ 93. Kf8 Qa8+ 94. Qe8 Qf3+ 95. Kg8 Qxh3 96. Qxa4 Kg5 97. Qb5+ Kxg4 98. a4 Qc3 99. a5 g5 100. a6 Kh4 101. Qb7 Qc4+ 102. Kf8 Qc5+ 103. Ke8 Qe5+ 104. Kd8 Qd6+ 105. Kc8 Qf8+ 106. Kc7 Qf4+ 107. Kc6 Qe4+ 108. Kb5 Qd3+ 109. Ka5 Qa3+ 110. Kb6 Qe3+ 111. Kc6 Qe4+ 112. Kd6 Qd4+ 113. Ke6 Qc4+ 114. Kf6 Qd4+ 115. Kg6 Qd3+ 116. Kh6 Qd6+ 117. Kh7 Qd3+ 118. Kg7 Qd4+ 119. Kf7 Qf4+ 120. Ke6 Qe3+ 121. Kd6 Qd4+ 122. Qd5 Qf6+ 123. Qe6 Qd8+ 124. Kc6 Qa8+ 125. Kb6 Qb8+ 126. Ka5 g4 127. Qh6+ Kg3 128. Qe3+ Kh2 129. Qf2+ Kh3 130. a7 Qc7+ 131. Qb6 Qc3+ 132. Kb5 Qb3+ 133. Kc6 Qe6+ 134. Kc7 Qe7+ 135. Kc8 Qe8+ 136. Kb7 Qd7+ 137. Ka6 1/2-1/2

[Event "Krakow op-A 32nd"]
[Site "Krakow"]
[Date "2021.12.28"]
[Round "2"]
[White "Kozak, Antoni"]
[Black "Nawin, JJ."]
[Result "1-0"]
[WhiteElo "2356"]
[BlackElo "2109"]
[PlyCount "59"]
[EventDate "2021.12.27"]
[EventType "swiss"]
[EventRounds "9"]
[EventCountry "POL"]
[SourceTitle "EXT 2023"]
[Source "ChessBase"]
[SourceDate "2022.10.05"]
[SourceVersion "1"]
[SourceVersionDate "2022.10.05"]
[SourceQuality "1"]

1. d4 Nf6 2. Nf3 g6 3. c4 Bg7 4. Nc3 0-0 5. e4 d6 6. h3 c5 7. d5 e6 8. Bd3 Na6 9. 0-0 exd5 10. exd5 Nc7 11. a3 a6 12. Bg5 Rb8 13. Qd2 b5 14. b3 Re8 15. Nh2 Qd7 16. Rab1 b4 17. axb4 cxb4 18. Bxf6 Bxf6 19. Ne4 Bg7 20. Qf4 Qf5 21. Qxd6 Be5 22. Qc5 Qf4 23. g3 Qh6 24. Nf3 Qxh3 25. Nxe5 Rxe5 26. Qxc7 Rh5 27. Nf6+ Kg7 28. Nxh5+ Qxh5 29. Qxb8 Bg4 30. Rfe1 1-0

[Event "Sitges Sunway op 8th"]
[Site "Sitges"]
[Date "2021.12.21"]
[Round "8"]
[White "Nawin, JJ."]
[Black "Padmini, Rout"]
[Result "1/2-1/2"]
[WhiteElo "2109"]
[BlackElo "2345"]
[PlyCount "74"]
[EventDate "2021.12.13"]
[EventType "swiss"]
[EventRounds "10"]
[EventCountry "ESP"]
[SourceTitle "CBM 205 Extra"]
[Source "ChessBase"]
[SourceDate "2022.01.31"]
[SourceVersion "1"]
[SourceVersionDate "2022.01.31"]
[SourceQuality "1"]

1. e4 e5 2. Nf3 Nc6 3. Bb5 a6 4. Ba4 Nf6 5. 0-0 d6 6. Re1 Bd7 7. c3 g6 8. d4 b5 9. Bb3 Bg7 10. a4 0-0 11. Bg5 Re8 12. dxe5 Nxe5 13. Nxe5 Rxe5 14. f4 Rxg5 15. fxg5 Ng4 16. Qd2 bxa4 17. Bxa4 Bxa4 18. Rxa4 Qb8 19. g3 a5 20. Na3 Qb3 21. Qc2 Qb6+ 22. Kh1 Rb8 23. Nc4 Qb5 24. Kg2 Qxg5 25. Rxa5 Qe7 26. Qe2 h5 27. Rea1 Kh7 28. h3 Ne5 29. Nxe5 Bxe5 30. Rf1 Kg7 31. Rf2 c5 32. Ra1 Rb7 33. h4 Qe6 34. Raf1 Qa2 35. Kh3 Qe6+ 36. Kg2 Qa2 37. Kh3 Qe6+ 1/2-1/2

[Event "Sitges Sunway op 8th"]
[Site "Sitges"]
[Date "2021.12.19"]
[Round "6"]
[White "Nawin, JJ."]
[Black "Grebeniuk, Semen"]
[Result "0-1"]
[WhiteElo "2109"]
[BlackElo "2346"]
[PlyCount "72"]
[EventDate "2021.12.13"]
[EventType "swiss"]
[EventRounds "10"]
[EventCountry "ESP"]
[SourceTitle "CBM 205 Extra"]
[Source "ChessBase"]
[SourceDate "2022.01.31"]
[SourceVersion "1"]
[SourceVersionDate "2022.01.31"]
[SourceQuality "1"]

1. e4 c5 2. Nf3 Nc6 3. Bb5 g6 4. c3 Nf6 5. Qe2 Bg7 6. 0-0 0-0 7. d4 cxd4 8. cxd4 a6 9. Ba4 b5 10. Bb3 Na5 11. Bc2 d6 12. h3 Bb7 13. Nbd2 Rc8 14. Bd3 Nh5 15. Nb3 Nxb3 16. axb3 e5 17. Bg5 Qb6 18. d5 Ng3 19. Qd2 Nxf1 20. Rxf1 f5 21. Bh6 Qc7 22. Bxg7 Qxg7 23. Ng5 Qe7 24. exf5 gxf5 25. Bb1 Kh8 26. Ne6 Rf6 27. f4 e4 28. Rc1 Rxc1+ 29. Qxc1 h6 30. Qc3 Bxd5 31. Nc7 Bf7 32. g4 fxg4 33. hxg4 Kg8 34. f5 e3 35. Be4 Qxe4 36. Qxf6 e2 0-1

[Event "Benidorm op-A"]
[Site "Benidorm"]
[Date "2021.12.12"]
[Round "9"]
[White "Davtyan, David"]
[Black "Nawin, JJ."]
[Result "1/2-1/2"]
[WhiteElo "2337"]
[BlackElo "2109"]
[PlyCount "104"]
[EventDate "2021.12.04"]
[EventType "swiss"]
[EventRounds "9"]
[EventCountry "ESP"]
[SourceTitle "CBM 205 Extra"]
[Source "ChessBase"]
[SourceDate "2022.01.31"]
[SourceVersion "1"]
[SourceVersionDate "2022.01.31"]
[SourceQuality "1"]

1. Nf3 Nf6 2. g3 g6 3. Bg2 Bg7 4. 0-0 0-0 5. d4 d6 6. Nc3 Nbd7 7. e4 e5 8. a4 c6 9. a5 exd4 10. Nxd4 Nc5 11. Re1 Re8 12. Bf4 Ng4 13. Qd2 Ne5 14. b3 Ne6 15. Be3 Qf6 16. Rad1 Nxd4 17. Bxd4 Bg4 18. f4 Rad8 19. Ne2 Qe7 20. Ba1 Nf3+ 21. Bxf3 Bxf3 22. Bxg7 Bxe2 23. Rxe2 Kxg7 24. Qd4+ Kg8 25. Qxa7 d5 26. Rde1 dxe4 27. a6 bxa6 28. Qxe7 Rxe7 29. Rxe4 Rxe4 30. Rxe4 Kf8 31. Rc4 Rd6 32. Kf2 Ke7 33. Ke3 Kd7 34. Ra4 c5 35. Ra5 Rc6 36. Kd3 Kc7 37. Ra1 Re6 38. g4 Kb6 39. Rg1 Rd6+ 40. Kc3 Rd4 41. f5 Rf4 42. fxg6 fxg6 43. Rg3 Kb5 44. Rh3 Rxg4 45. Rxh7 g5 46. Rb7+ Kc6 47. Rg7 Rh4 48. Rxg5 Rxh2 49. Rg8 Rh4 50. Kb2 Rh2 51. Rg3 Kb5 52. Kc3 Rh4 1/2-1/2

[Event "Benidorm op-A"]
[Site "Benidorm"]
[Date "2021.12.11"]
[Round "8"]
[White "Nawin, JJ."]
[Black "Garcia Molina, Francisco Miguel"]
[Result "1/2-1/2"]
[WhiteElo "2109"]
[BlackElo "2294"]
[PlyCount "63"]
[EventDate "2021.12.04"]
[EventType "swiss"]
[EventRounds "9"]
[EventCountry "ESP"]
[SourceTitle "CBM 205 Extra"]
[Source "ChessBase"]
[SourceDate "2022.01.31"]
[SourceVersion "1"]
[SourceVersionDate "2022.01.31"]
[SourceQuality "1"]

1. e4 c5 2. Nf3 d6 3. d4 cxd4 4. Nxd4 Nf6 5. Nc3 a6 6. Rg1 e5 7. Nb3 Be6 8. g4 d5 9. exd5 Nxd5 10. Nxd5 Qxd5 11. Qxd5 Bxd5 12. Be3 Nc6 13. 0-0-0 0-0-0 14. Bb6 Rd7 15. g5 Be7 16. Bh3 Be6 17. Bxe6 fxe6 18. Rxd7 Kxd7 19. Nc5+ Bxc5 20. Bxc5 Kc7 21. Rd1 b6 22. Bd6+ Kc8 23. Kd2 Rd8 24. Ke3 Na5 25. Ke2 Nc4 26. Ba3 Rxd1 27. Kxd1 g6 28. Ke2 e4 29. Bb4 Nxb2 30. Ke3 Nd1+ 31. Ke2 Nb2 32. Ke3 1/2-1/2